000 00268nam a2200097Ia 4500
001 1250823
005 20251031150904.0
008 251031s9999 xx 000 0 und d
245 0 _cCHRİSTİNE NÖSTLİNGER
_aJ-1 MİNİ VE MIRNAV KEDİ
260 _bGÜNIŞIĞI YAYINLARI
999 _c1250823
_d1250823